<?xml version="1.0" encoding="UTF-8"?><marc:collection xmlns:marc="http://www.loc.gov/MARC21/slim">
  <marc:record>
    <marc:leader>08814cam a2201585 c 4500</marc:leader>
    <marc:controlfield tag="001">023105852</marc:controlfield>
    <marc:controlfield tag="003">DE-627</marc:controlfield>
    <marc:controlfield tag="005">20260603215624.0</marc:controlfield>
    <marc:controlfield tag="007">tu</marc:controlfield>
    <marc:controlfield tag="008">851029s1985    gw |||||      00| ||ger c</marc:controlfield>
    <marc:datafield tag="015" ind1=" " ind2=" ">
      <marc:subfield code="a">85,N18,0109</marc:subfield>
      <marc:subfield code="2">dnb</marc:subfield>
    </marc:datafield>
    <marc:datafield tag="015" ind1=" " ind2=" ">
      <marc:subfield code="a">85,A42,0246</marc:subfield>
      <marc:subfield code="2">dnb</marc:subfield>
    </marc:datafield>
    <marc:datafield tag="016" ind1="7" ind2=" ">
      <marc:subfield code="a">850408334</marc:subfield>
      <marc:subfield code="2">DE-101</marc:subfield>
    </marc:datafield>
    <marc:datafield tag="020" ind1=" " ind2=" ">
      <marc:subfield code="a">3593335026</marc:subfield>
      <marc:subfield code="9">3-593-33502-6</marc:subfield>
    </marc:datafield>
    <marc:datafield tag="035" ind1=" " ind2=" ">
      <marc:subfield code="a">(DE-627)023105852</marc:subfield>
    </marc:datafield>
    <marc:datafield tag="035" ind1=" " ind2=" ">
      <marc:subfield code="a">(DE-603)018002986</marc:subfield>
    </marc:datafield>
    <marc:datafield tag="035" ind1=" " ind2=" ">
      <marc:subfield code="a">(DE-576)025541811</marc:subfield>
    </marc:datafield>
    <marc:datafield tag="035" ind1=" " ind2=" ">
      <marc:subfield code="a">(DE-599)GBV023105852</marc:subfield>
    </marc:datafield>
    <marc:datafield tag="035" ind1=" " ind2=" ">
      <marc:subfield code="a">(OCoLC)1563383304</marc:subfield>
    </marc:datafield>
    <marc:datafield tag="035" ind1=" " ind2=" ">
      <marc:subfield code="a">(OCoLC)13158545</marc:subfield>
    </marc:datafield>
    <marc:datafield tag="040" ind1=" " ind2=" ">
      <marc:subfield code="a">DE-627</marc:subfield>
      <marc:subfield code="b">ger</marc:subfield>
      <marc:subfield code="c">DE-627</marc:subfield>
      <marc:subfield code="e">rakwb</marc:subfield>
    </marc:datafield>
    <marc:datafield tag="041" ind1=" " ind2=" ">
      <marc:subfield code="a">ger</marc:subfield>
    </marc:datafield>
    <marc:datafield tag="044" ind1=" " ind2=" ">
      <marc:subfield code="c">XA-DE</marc:subfield>
      <marc:subfield code="c">XD-US</marc:subfield>
    </marc:datafield>
    <marc:datafield tag="082" ind1="0" ind2=" ">
      <marc:subfield code="a">306/.36</marc:subfield>
      <marc:subfield code="q">OCLC</marc:subfield>
    </marc:datafield>
    <marc:datafield tag="082" ind1="0" ind2=" ">
      <marc:subfield code="a">306.36</marc:subfield>
      <marc:subfield code="q">LoC</marc:subfield>
      <marc:subfield code="2">DDC19oclc</marc:subfield>
    </marc:datafield>
    <marc:datafield tag="084" ind1=" " ind2=" ">
      <marc:subfield code="a">18</marc:subfield>
      <marc:subfield code="a">14</marc:subfield>
      <marc:subfield code="a">53</marc:subfield>
      <marc:subfield code="2">sdnb</marc:subfield>
    </marc:datafield>
    <marc:datafield tag="084" ind1=" " ind2=" ">
      <marc:subfield code="a">QP 413</marc:subfield>
      <marc:subfield code="2">rvk</marc:subfield>
      <marc:subfield code="0">(DE-625)rvk/141880:</marc:subfield>
    </marc:datafield>
    <marc:datafield tag="084" ind1=" " ind2=" ">
      <marc:subfield code="a">MS 5200</marc:subfield>
      <marc:subfield code="2">rvk</marc:subfield>
      <marc:subfield code="0">(DE-625)rvk/123722:</marc:subfield>
    </marc:datafield>
    <marc:datafield tag="084" ind1=" " ind2=" ">
      <marc:subfield code="a">MS 2600</marc:subfield>
      <marc:subfield code="2">rvk</marc:subfield>
      <marc:subfield code="0">(DE-625)rvk/123641:</marc:subfield>
    </marc:datafield>
    <marc:datafield tag="084" ind1=" " ind2=" ">
      <marc:subfield code="a">MS 5000</marc:subfield>
      <marc:subfield code="2">rvk</marc:subfield>
      <marc:subfield code="0">(DE-625)rvk/123721:</marc:subfield>
    </marc:datafield>
    <marc:datafield tag="084" ind1=" " ind2=" ">
      <marc:subfield code="a">MS 1420</marc:subfield>
      <marc:subfield code="2">rvk</marc:subfield>
      <marc:subfield code="0">(DE-625)rvk/123595:</marc:subfield>
    </marc:datafield>
    <marc:datafield tag="084" ind1=" " ind2=" ">
      <marc:subfield code="a">QV 020</marc:subfield>
      <marc:subfield code="2">rvk</marc:subfield>
      <marc:subfield code="0">(DE-625)rvk/142135:</marc:subfield>
    </marc:datafield>
    <marc:datafield tag="084" ind1=" " ind2=" ">
      <marc:subfield code="a">QV 000</marc:subfield>
      <marc:subfield code="2">rvk</marc:subfield>
      <marc:subfield code="0">(DE-625)rvk/142134:</marc:subfield>
    </marc:datafield>
    <marc:datafield tag="084" ind1=" " ind2=" ">
      <marc:subfield code="a">MR 6600</marc:subfield>
      <marc:subfield code="2">rvk</marc:subfield>
      <marc:subfield code="0">(DE-625)rvk/123534:</marc:subfield>
    </marc:datafield>
    <marc:datafield tag="100" ind1="1" ind2=" ">
      <marc:subfield code="a">Alheit, Peter</marc:subfield>
      <marc:subfield code="d">1946-</marc:subfield>
      <marc:subfield code="0">(DE-588)118026836</marc:subfield>
      <marc:subfield code="0">(DE-627)079199054</marc:subfield>
      <marc:subfield code="0">(DE-576)291674941</marc:subfield>
      <marc:subfield code="4">aut</marc:subfield>
    </marc:datafield>
    <marc:datafield tag="245" ind1="1" ind2="0">
      <marc:subfield code="a">Arbeitsleben</marc:subfield>
      <marc:subfield code="b">eine qualitative Untersuchung von Arbeiterlebensgeschichten</marc:subfield>
      <marc:subfield code="c">Peter Alheit, Bettina Dausien</marc:subfield>
    </marc:datafield>
    <marc:datafield tag="264" ind1=" " ind2="1">
      <marc:subfield code="a">Frankfurt/Main</marc:subfield>
      <marc:subfield code="a">New York</marc:subfield>
      <marc:subfield code="b">Campus Verlag</marc:subfield>
      <marc:subfield code="c">1985</marc:subfield>
    </marc:datafield>
    <marc:datafield tag="300" ind1=" " ind2=" ">
      <marc:subfield code="a">322 Seiten</marc:subfield>
      <marc:subfield code="b">graph. Darst.</marc:subfield>
      <marc:subfield code="c">21 cm</marc:subfield>
    </marc:datafield>
    <marc:datafield tag="336" ind1=" " ind2=" ">
      <marc:subfield code="a">Text</marc:subfield>
      <marc:subfield code="b">txt</marc:subfield>
      <marc:subfield code="2">rdacontent</marc:subfield>
    </marc:datafield>
    <marc:datafield tag="337" ind1=" " ind2=" ">
      <marc:subfield code="a">ohne Hilfsmittel zu benutzen</marc:subfield>
      <marc:subfield code="b">n</marc:subfield>
      <marc:subfield code="2">rdamedia</marc:subfield>
    </marc:datafield>
    <marc:datafield tag="338" ind1=" " ind2=" ">
      <marc:subfield code="a">Band</marc:subfield>
      <marc:subfield code="b">nc</marc:subfield>
      <marc:subfield code="2">rdacarrier</marc:subfield>
    </marc:datafield>
    <marc:datafield tag="500" ind1=" " ind2=" ">
      <marc:subfield code="a">Literaturverzeichnis: Seite 294 - 302</marc:subfield>
    </marc:datafield>
    <marc:datafield tag="505" ind1="8" ind2=" ">
      <marc:subfield code="a">Literaturverz. S. 294 - 302</marc:subfield>
    </marc:datafield>
    <marc:datafield tag="583" ind1="1" ind2=" ">
      <marc:subfield code="a">Massenentsäuert</marc:subfield>
      <marc:subfield code="c">2017</marc:subfield>
      <marc:subfield code="k">DE-18</marc:subfield>
      <marc:subfield code="2">pdager</marc:subfield>
      <marc:subfield code="5">DE-18-308</marc:subfield>
    </marc:datafield>
    <marc:datafield tag="648" ind1=" " ind2="7">
      <marc:subfield code="a">Geschichte</marc:subfield>
      <marc:subfield code="2">gnd</marc:subfield>
    </marc:datafield>
    <marc:datafield tag="650" ind1="0" ind2="7">
      <marc:subfield code="0">(DE-588)4034869-6</marc:subfield>
      <marc:subfield code="0">(DE-627)106250485</marc:subfield>
      <marc:subfield code="0">(DE-576)209009527</marc:subfield>
      <marc:subfield code="a">Lebenslauf</marc:subfield>
      <marc:subfield code="2">gnd</marc:subfield>
    </marc:datafield>
    <marc:datafield tag="650" ind1="0" ind2="7">
      <marc:subfield code="0">(DE-588)4003939-0</marc:subfield>
      <marc:subfield code="0">(DE-627)106388258</marc:subfield>
      <marc:subfield code="0">(DE-576)208853251</marc:subfield>
      <marc:subfield code="a">Autobiografie</marc:subfield>
      <marc:subfield code="2">gnd</marc:subfield>
    </marc:datafield>
    <marc:datafield tag="650" ind1="0" ind2="7">
      <marc:subfield code="0">(DE-588)4112560-5</marc:subfield>
      <marc:subfield code="0">(DE-627)105836281</marc:subfield>
      <marc:subfield code="0">(DE-576)20946898X</marc:subfield>
      <marc:subfield code="a">Arbeiter</marc:subfield>
      <marc:subfield code="2">gnd</marc:subfield>
    </marc:datafield>
    <marc:datafield tag="650" ind1="0" ind2="7">
      <marc:subfield code="0">(DE-588)4006804-3</marc:subfield>
      <marc:subfield code="0">(DE-627)104213493</marc:subfield>
      <marc:subfield code="0">(DE-576)208867147</marc:subfield>
      <marc:subfield code="a">Biografie</marc:subfield>
      <marc:subfield code="2">gnd</marc:subfield>
    </marc:datafield>
    <marc:datafield tag="650" ind1="0" ind2="7">
      <marc:subfield code="0">(DE-588)4122795-5</marc:subfield>
      <marc:subfield code="0">(DE-627)10449350X</marc:subfield>
      <marc:subfield code="0">(DE-576)209554304</marc:subfield>
      <marc:subfield code="a">Analyse</marc:subfield>
      <marc:subfield code="2">gnd</marc:subfield>
    </marc:datafield>
    <marc:datafield tag="650" ind1=" " ind2="4">
      <marc:subfield code="a">Arbeit</marc:subfield>
    </marc:datafield>
    <marc:datafield tag="650" ind1=" " ind2="4">
      <marc:subfield code="a">Lebensverlaufsforschung</marc:subfield>
    </marc:datafield>
    <marc:datafield tag="650" ind1=" " ind2="4">
      <marc:subfield code="a">Arbeiter</marc:subfield>
    </marc:datafield>
    <marc:datafield tag="650" ind1=" " ind2="4">
      <marc:subfield code="a">Leistungsgesellschaft</marc:subfield>
    </marc:datafield>
    <marc:datafield tag="650" ind1=" " ind2="4">
      <marc:subfield code="a">Autobiographie</marc:subfield>
    </marc:datafield>
    <marc:datafield tag="689" ind1="0" ind2="0">
      <marc:subfield code="D">s</marc:subfield>
      <marc:subfield code="0">(DE-588)4112560-5</marc:subfield>
      <marc:subfield code="0">(DE-627)105836281</marc:subfield>
      <marc:subfield code="0">(DE-576)20946898X</marc:subfield>
      <marc:subfield code="a">Arbeiter</marc:subfield>
      <marc:subfield code="2">gnd</marc:subfield>
    </marc:datafield>
    <marc:datafield tag="689" ind1="0" ind2="1">
      <marc:subfield code="D">s</marc:subfield>
      <marc:subfield code="0">(DE-588)4006804-3</marc:subfield>
      <marc:subfield code="0">(DE-627)104213493</marc:subfield>
      <marc:subfield code="0">(DE-576)208867147</marc:subfield>
      <marc:subfield code="a">Biografie</marc:subfield>
      <marc:subfield code="2">gnd</marc:subfield>
    </marc:datafield>
    <marc:datafield tag="689" ind1="0" ind2=" ">
      <marc:subfield code="5">(DE-627)</marc:subfield>
    </marc:datafield>
    <marc:datafield tag="700" ind1="1" ind2=" ">
      <marc:subfield code="a">Dausien, Bettina</marc:subfield>
      <marc:subfield code="0">(DE-588)120387468</marc:subfield>
      <marc:subfield code="0">(DE-627)080642691</marc:subfield>
      <marc:subfield code="0">(DE-576)160680158</marc:subfield>
      <marc:subfield code="4">aut</marc:subfield>
    </marc:datafield>
    <marc:datafield tag="776" ind1="0" ind2="8">
      <marc:subfield code="i">Erscheint auch als</marc:subfield>
      <marc:subfield code="n">Online-Ausgabe</marc:subfield>
      <marc:subfield code="a">Alheit, Peter, 1946 - </marc:subfield>
      <marc:subfield code="t">Arbeitsleben</marc:subfield>
      <marc:subfield code="d">Frankfurt/Main : Campus Verlag, 1985</marc:subfield>
      <marc:subfield code="h">1 Online-Ressource (322 Seiten)</marc:subfield>
      <marc:subfield code="w">(DE-627)1928567312</marc:subfield>
    </marc:datafield>
    <marc:datafield tag="856" ind1="4" ind2="2">
      <marc:subfield code="u">http://d-nb.info/850408334/04</marc:subfield>
      <marc:subfield code="m">B:DE-101</marc:subfield>
      <marc:subfield code="q">application/pdf</marc:subfield>
      <marc:subfield code="v">20130501</marc:subfield>
      <marc:subfield code="x">Verlag</marc:subfield>
      <marc:subfield code="3">Inhaltsverzeichnis</marc:subfield>
      <marc:subfield code="7">1</marc:subfield>
    </marc:datafield>
    <marc:datafield tag="889" ind1=" " ind2=" ">
      <marc:subfield code="w">(DE-627)272660647</marc:subfield>
    </marc:datafield>
    <marc:datafield tag="912" ind1=" " ind2=" ">
      <marc:subfield code="a">SSG-OLC-pha</marc:subfield>
    </marc:datafield>
    <marc:datafield tag="924" ind1="0" ind2=" ">
      <marc:subfield code="a">020114281</marc:subfield>
      <marc:subfield code="b">DE-1a</marc:subfield>
      <marc:subfield code="9">1a</marc:subfield>
      <marc:subfield code="c">GBV</marc:subfield>
      <marc:subfield code="d">c</marc:subfield>
      <marc:subfield code="g">704952</marc:subfield>
      <marc:subfield code="h">2</marc:subfield>
    </marc:datafield>
    <marc:datafield tag="924" ind1="0" ind2=" ">
      <marc:subfield code="a">025451596</marc:subfield>
      <marc:subfield code="b">DE-1a</marc:subfield>
      <marc:subfield code="9">1a</marc:subfield>
      <marc:subfield code="c">GBV</marc:subfield>
      <marc:subfield code="d">c</marc:subfield>
      <marc:subfield code="g">41 MA 2622</marc:subfield>
      <marc:subfield code="h">2</marc:subfield>
    </marc:datafield>
    <marc:datafield tag="924" ind1="0" ind2=" ">
      <marc:subfield code="a">172101700</marc:subfield>
      <marc:subfield code="b">DE-46</marc:subfield>
      <marc:subfield code="9">46</marc:subfield>
      <marc:subfield code="c">GBV</marc:subfield>
      <marc:subfield code="d">c</marc:subfield>
      <marc:subfield code="g">va 9324</marc:subfield>
      <marc:subfield code="h">Magazin</marc:subfield>
    </marc:datafield>
    <marc:datafield tag="924" ind1="0" ind2=" ">
      <marc:subfield code="a">172101727</marc:subfield>
      <marc:subfield code="b">DE-46</marc:subfield>
      <marc:subfield code="9">46</marc:subfield>
      <marc:subfield code="c">GBV</marc:subfield>
      <marc:subfield code="d">c</marc:subfield>
      <marc:subfield code="g">a soz 582 2bp/326</marc:subfield>
      <marc:subfield code="h">E02</marc:subfield>
    </marc:datafield>
    <marc:datafield tag="924" ind1="0" ind2=" ">
      <marc:subfield code="a">172101735</marc:subfield>
      <marc:subfield code="b">DE-46</marc:subfield>
      <marc:subfield code="9">46</marc:subfield>
      <marc:subfield code="c">GBV</marc:subfield>
      <marc:subfield code="d">c</marc:subfield>
      <marc:subfield code="g">03.r.3005</marc:subfield>
      <marc:subfield code="h">Magazin</marc:subfield>
    </marc:datafield>
    <marc:datafield tag="924" ind1="0" ind2=" ">
      <marc:subfield code="a">172101743</marc:subfield>
      <marc:subfield code="b">DE-46</marc:subfield>
      <marc:subfield code="9">46</marc:subfield>
      <marc:subfield code="c">GBV</marc:subfield>
      <marc:subfield code="d">c</marc:subfield>
      <marc:subfield code="g">va 9328</marc:subfield>
      <marc:subfield code="h">Magazin</marc:subfield>
    </marc:datafield>
    <marc:datafield tag="924" ind1="0" ind2=" ">
      <marc:subfield code="a">269504451</marc:subfield>
      <marc:subfield code="b">DE-18</marc:subfield>
      <marc:subfield code="9">18</marc:subfield>
      <marc:subfield code="c">GBV</marc:subfield>
      <marc:subfield code="d">d</marc:subfield>
      <marc:subfield code="g">J 8/151</marc:subfield>
      <marc:subfield code="h">18/307-a</marc:subfield>
    </marc:datafield>
    <marc:datafield tag="924" ind1="0" ind2=" ">
      <marc:subfield code="a">348496591</marc:subfield>
      <marc:subfield code="b">DE-18</marc:subfield>
      <marc:subfield code="9">18</marc:subfield>
      <marc:subfield code="c">GBV</marc:subfield>
      <marc:subfield code="d">d</marc:subfield>
      <marc:subfield code="g">I Dk 167</marc:subfield>
      <marc:subfield code="h">H250</marc:subfield>
    </marc:datafield>
    <marc:datafield tag="924" ind1="0" ind2=" ">
      <marc:subfield code="a">372888941</marc:subfield>
      <marc:subfield code="b">DE-18</marc:subfield>
      <marc:subfield code="9">18</marc:subfield>
      <marc:subfield code="c">GBV</marc:subfield>
      <marc:subfield code="d">d</marc:subfield>
      <marc:subfield code="g">BM 3514</marc:subfield>
      <marc:subfield code="g">V h 171</marc:subfield>
      <marc:subfield code="h">18/76-m</marc:subfield>
    </marc:datafield>
    <marc:datafield tag="924" ind1="0" ind2=" ">
      <marc:subfield code="a">413697088</marc:subfield>
      <marc:subfield code="b">DE-18</marc:subfield>
      <marc:subfield code="9">18</marc:subfield>
      <marc:subfield code="c">GBV</marc:subfield>
      <marc:subfield code="d">d</marc:subfield>
      <marc:subfield code="g">VKK- L1/27</marc:subfield>
      <marc:subfield code="h">18/308</marc:subfield>
    </marc:datafield>
    <marc:datafield tag="924" ind1="0" ind2=" ">
      <marc:subfield code="a">162570856</marc:subfield>
      <marc:subfield code="b">DE-830</marc:subfield>
      <marc:subfield code="9">830</marc:subfield>
      <marc:subfield code="c">GBV</marc:subfield>
      <marc:subfield code="d">c</marc:subfield>
      <marc:subfield code="g">2430-6900</marc:subfield>
      <marc:subfield code="h">24</marc:subfield>
    </marc:datafield>
    <marc:datafield tag="924" ind1="0" ind2=" ">
      <marc:subfield code="a">002631962</marc:subfield>
      <marc:subfield code="b">DE-8</marc:subfield>
      <marc:subfield code="9">8</marc:subfield>
      <marc:subfield code="c">GBV</marc:subfield>
      <marc:subfield code="d">c</marc:subfield>
      <marc:subfield code="g">Am 2645</marc:subfield>
      <marc:subfield code="h">16</marc:subfield>
    </marc:datafield>
    <marc:datafield tag="924" ind1="0" ind2=" ">
      <marc:subfield code="a">150355564</marc:subfield>
      <marc:subfield code="b">DE-27</marc:subfield>
      <marc:subfield code="9">27</marc:subfield>
      <marc:subfield code="c">GBV</marc:subfield>
      <marc:subfield code="d">c</marc:subfield>
      <marc:subfield code="g">2004 A 9134</marc:subfield>
      <marc:subfield code="g">95 NA 7332/1</marc:subfield>
      <marc:subfield code="h">Mag</marc:subfield>
    </marc:datafield>
    <marc:datafield tag="924" ind1="0" ind2=" ">
      <marc:subfield code="a">172673836</marc:subfield>
      <marc:subfield code="b">DE-27</marc:subfield>
      <marc:subfield code="9">27</marc:subfield>
      <marc:subfield code="c">GBV</marc:subfield>
      <marc:subfield code="d">c</marc:subfield>
      <marc:subfield code="g">SOZ:FL:2200:12</marc:subfield>
      <marc:subfield code="g">95 NA 7332/2</marc:subfield>
      <marc:subfield code="h">J 64</marc:subfield>
    </marc:datafield>
    <marc:datafield tag="924" ind1="0" ind2=" ">
      <marc:subfield code="a">177385618</marc:subfield>
      <marc:subfield code="b">DE-547</marc:subfield>
      <marc:subfield code="9">547</marc:subfield>
      <marc:subfield code="c">GBV</marc:subfield>
      <marc:subfield code="d">c</marc:subfield>
      <marc:subfield code="g">601845</marc:subfield>
      <marc:subfield code="h">MAG</marc:subfield>
    </marc:datafield>
    <marc:datafield tag="924" ind1="0" ind2=" ">
      <marc:subfield code="a">300633998</marc:subfield>
      <marc:subfield code="b">DE-7</marc:subfield>
      <marc:subfield code="9">7</marc:subfield>
      <marc:subfield code="c">GBV</marc:subfield>
      <marc:subfield code="d">d</marc:subfield>
      <marc:subfield code="g">3 : XII b Alh</marc:subfield>
      <marc:subfield code="h">BBWISO</marc:subfield>
    </marc:datafield>
    <marc:datafield tag="924" ind1="0" ind2=" ">
      <marc:subfield code="a">389254916</marc:subfield>
      <marc:subfield code="b">DE-7</marc:subfield>
      <marc:subfield code="9">7</marc:subfield>
      <marc:subfield code="c">GBV</marc:subfield>
      <marc:subfield code="d">d</marc:subfield>
      <marc:subfield code="g">Sem Soz 35 Alh</marc:subfield>
      <marc:subfield code="h">BBW-DID</marc:subfield>
    </marc:datafield>
    <marc:datafield tag="924" ind1="0" ind2=" ">
      <marc:subfield code="a">888455879</marc:subfield>
      <marc:subfield code="b">DE-28</marc:subfield>
      <marc:subfield code="9">28</marc:subfield>
      <marc:subfield code="c">GBV</marc:subfield>
      <marc:subfield code="d">c</marc:subfield>
      <marc:subfield code="g">NW 8300 A397</marc:subfield>
      <marc:subfield code="h">28/BB2</marc:subfield>
    </marc:datafield>
    <marc:datafield tag="924" ind1="0" ind2=" ">
      <marc:subfield code="a">225955849</marc:subfield>
      <marc:subfield code="b">DE-Wim2</marc:subfield>
      <marc:subfield code="9">Wim 2</marc:subfield>
      <marc:subfield code="c">GBV</marc:subfield>
      <marc:subfield code="d">c</marc:subfield>
      <marc:subfield code="g">98 698</marc:subfield>
      <marc:subfield code="g">98 698</marc:subfield>
      <marc:subfield code="h">Mag</marc:subfield>
    </marc:datafield>
    <marc:datafield tag="924" ind1="0" ind2=" ">
      <marc:subfield code="a">21723853X</marc:subfield>
      <marc:subfield code="b">DE-3</marc:subfield>
      <marc:subfield code="9">3</marc:subfield>
      <marc:subfield code="c">GBV</marc:subfield>
      <marc:subfield code="d">c</marc:subfield>
      <marc:subfield code="g">P 27.30 Alh</marc:subfield>
      <marc:subfield code="h">Ha 18-98</marc:subfield>
    </marc:datafield>
    <marc:datafield tag="924" ind1="0" ind2=" ">
      <marc:subfield code="a">658479210</marc:subfield>
      <marc:subfield code="b">DE-89</marc:subfield>
      <marc:subfield code="9">89</marc:subfield>
      <marc:subfield code="c">GBV</marc:subfield>
      <marc:subfield code="d">c</marc:subfield>
      <marc:subfield code="g">LD 110 14</marc:subfield>
      <marc:subfield code="h">FBS</marc:subfield>
    </marc:datafield>
    <marc:datafield tag="924" ind1="0" ind2=" ">
      <marc:subfield code="a">026790351</marc:subfield>
      <marc:subfield code="b">DE-Hil2</marc:subfield>
      <marc:subfield code="9">Hil 2</marc:subfield>
      <marc:subfield code="c">GBV</marc:subfield>
      <marc:subfield code="d">c</marc:subfield>
      <marc:subfield code="g">85 : 02700</marc:subfield>
      <marc:subfield code="h">MAGAZIN</marc:subfield>
    </marc:datafield>
    <marc:datafield tag="924" ind1="0" ind2=" ">
      <marc:subfield code="a">187495319</marc:subfield>
      <marc:subfield code="b">DE-Ma9</marc:subfield>
      <marc:subfield code="9">Ma 9</marc:subfield>
      <marc:subfield code="c">GBV</marc:subfield>
      <marc:subfield code="d">c</marc:subfield>
      <marc:subfield code="g">92.02930-01</marc:subfield>
      <marc:subfield code="h">FH</marc:subfield>
    </marc:datafield>
    <marc:datafield tag="924" ind1="0" ind2=" ">
      <marc:subfield code="a">132982331</marc:subfield>
      <marc:subfield code="b">DE-Luen4</marc:subfield>
      <marc:subfield code="9">Luen 4</marc:subfield>
      <marc:subfield code="c">GBV</marc:subfield>
      <marc:subfield code="d">c</marc:subfield>
      <marc:subfield code="g">Soz 175.005</marc:subfield>
      <marc:subfield code="h">CAM</marc:subfield>
    </marc:datafield>
    <marc:datafield tag="924" ind1="0" ind2=" ">
      <marc:subfield code="a">026790378</marc:subfield>
      <marc:subfield code="b">DE-Luen4</marc:subfield>
      <marc:subfield code="9">Luen 4</marc:subfield>
      <marc:subfield code="c">GBV</marc:subfield>
      <marc:subfield code="d">c</marc:subfield>
      <marc:subfield code="g">91-38646</marc:subfield>
      <marc:subfield code="h">CAM</marc:subfield>
    </marc:datafield>
    <marc:datafield tag="924" ind1="0" ind2=" ">
      <marc:subfield code="a">103958150</marc:subfield>
      <marc:subfield code="b">DE-Luen4</marc:subfield>
      <marc:subfield code="9">Luen 4</marc:subfield>
      <marc:subfield code="c">GBV</marc:subfield>
      <marc:subfield code="d">c</marc:subfield>
      <marc:subfield code="g">91-38646 a</marc:subfield>
      <marc:subfield code="h">CAM</marc:subfield>
    </marc:datafield>
    <marc:datafield tag="924" ind1="0" ind2=" ">
      <marc:subfield code="a">784236100</marc:subfield>
      <marc:subfield code="b">DE-715</marc:subfield>
      <marc:subfield code="9">715</marc:subfield>
      <marc:subfield code="c">GBV</marc:subfield>
      <marc:subfield code="d">c</marc:subfield>
      <marc:subfield code="g">soz 582 BE 2532</marc:subfield>
    </marc:datafield>
    <marc:datafield tag="924" ind1="0" ind2=" ">
      <marc:subfield code="a">786592265</marc:subfield>
      <marc:subfield code="b">DE-45</marc:subfield>
      <marc:subfield code="9">45</marc:subfield>
      <marc:subfield code="c">GBV</marc:subfield>
      <marc:subfield code="d">c</marc:subfield>
      <marc:subfield code="g">85-2578</marc:subfield>
    </marc:datafield>
    <marc:datafield tag="924" ind1="0" ind2=" ">
      <marc:subfield code="a">519630890</marc:subfield>
      <marc:subfield code="b">DE-Fl3</marc:subfield>
      <marc:subfield code="9">Fl 3</marc:subfield>
      <marc:subfield code="c">GBV</marc:subfield>
      <marc:subfield code="d">c</marc:subfield>
      <marc:subfield code="g">So 23 Alhe</marc:subfield>
    </marc:datafield>
    <marc:datafield tag="924" ind1="0" ind2=" ">
      <marc:subfield code="a">295753919</marc:subfield>
      <marc:subfield code="b">DE-546</marc:subfield>
      <marc:subfield code="9">546</marc:subfield>
      <marc:subfield code="c">GBV</marc:subfield>
      <marc:subfield code="d">c</marc:subfield>
      <marc:subfield code="g">024.287</marc:subfield>
      <marc:subfield code="h">MAG</marc:subfield>
    </marc:datafield>
    <marc:datafield tag="924" ind1="0" ind2=" ">
      <marc:subfield code="a">793194849</marc:subfield>
      <marc:subfield code="b">DE-517</marc:subfield>
      <marc:subfield code="9">517</marc:subfield>
      <marc:subfield code="c">GBV</marc:subfield>
      <marc:subfield code="d">c</marc:subfield>
      <marc:subfield code="g">03 A .008527</marc:subfield>
      <marc:subfield code="h">3200</marc:subfield>
    </marc:datafield>
    <marc:datafield tag="924" ind1="0" ind2=" ">
      <marc:subfield code="a">1226148247</marc:subfield>
      <marc:subfield code="b">DE-B1532</marc:subfield>
      <marc:subfield code="9">B 1532</marc:subfield>
      <marc:subfield code="c">GBV</marc:subfield>
      <marc:subfield code="d">c</marc:subfield>
      <marc:subfield code="g">E 85/1235</marc:subfield>
    </marc:datafield>
    <marc:datafield tag="924" ind1="0" ind2=" ">
      <marc:subfield code="a">3078745104</marc:subfield>
      <marc:subfield code="b">DE-21</marc:subfield>
      <marc:subfield code="9">21</marc:subfield>
      <marc:subfield code="c">BSZ</marc:subfield>
      <marc:subfield code="d">c</marc:subfield>
      <marc:subfield code="g">25 A 8675</marc:subfield>
    </marc:datafield>
    <marc:datafield tag="924" ind1="0" ind2=" ">
      <marc:subfield code="a">3078745198</marc:subfield>
      <marc:subfield code="b">DE-21-85</marc:subfield>
      <marc:subfield code="9">21/85</marc:subfield>
      <marc:subfield code="c">BSZ</marc:subfield>
      <marc:subfield code="d">b</marc:subfield>
      <marc:subfield code="g">3.792.1985</marc:subfield>
    </marc:datafield>
    <marc:datafield tag="924" ind1="0" ind2=" ">
      <marc:subfield code="a">3078745201</marc:subfield>
      <marc:subfield code="b">DE-21-52</marc:subfield>
      <marc:subfield code="9">21/52</marc:subfield>
      <marc:subfield code="c">BSZ</marc:subfield>
      <marc:subfield code="d">b</marc:subfield>
      <marc:subfield code="g">Ai 1030</marc:subfield>
    </marc:datafield>
    <marc:datafield tag="924" ind1="0" ind2=" ">
      <marc:subfield code="a">307874521X</marc:subfield>
      <marc:subfield code="b">DE-21-43</marc:subfield>
      <marc:subfield code="9">21/43</marc:subfield>
      <marc:subfield code="c">BSZ</marc:subfield>
      <marc:subfield code="d">b</marc:subfield>
      <marc:subfield code="g">El 55</marc:subfield>
    </marc:datafield>
    <marc:datafield tag="924" ind1="0" ind2=" ">
      <marc:subfield code="a">3078745317</marc:subfield>
      <marc:subfield code="b">DE-25</marc:subfield>
      <marc:subfield code="9">25</marc:subfield>
      <marc:subfield code="c">BSZ</marc:subfield>
      <marc:subfield code="d">c</marc:subfield>
      <marc:subfield code="g">SW 85/795</marc:subfield>
    </marc:datafield>
    <marc:datafield tag="924" ind1="0" ind2=" ">
      <marc:subfield code="a">3078745406</marc:subfield>
      <marc:subfield code="b">DE-Sa16</marc:subfield>
      <marc:subfield code="9">Sa 16</marc:subfield>
      <marc:subfield code="c">BSZ</marc:subfield>
      <marc:subfield code="d">c</marc:subfield>
      <marc:subfield code="g">MS 2600 Alh</marc:subfield>
    </marc:datafield>
    <marc:datafield tag="924" ind1="0" ind2=" ">
      <marc:subfield code="a">3078745422</marc:subfield>
      <marc:subfield code="b">DE-291-314</marc:subfield>
      <marc:subfield code="9">291/314</marc:subfield>
      <marc:subfield code="c">BSZ</marc:subfield>
      <marc:subfield code="d">c</marc:subfield>
      <marc:subfield code="g">40/MS 2600 A397 A6</marc:subfield>
    </marc:datafield>
    <marc:datafield tag="924" ind1="0" ind2=" ">
      <marc:subfield code="a">307874549X</marc:subfield>
      <marc:subfield code="b">DE-14</marc:subfield>
      <marc:subfield code="9">14</marc:subfield>
      <marc:subfield code="c">BSZ</marc:subfield>
      <marc:subfield code="d">c</marc:subfield>
      <marc:subfield code="g">95 8 81324</marc:subfield>
    </marc:datafield>
    <marc:datafield tag="924" ind1="0" ind2=" ">
      <marc:subfield code="a">3078745570</marc:subfield>
      <marc:subfield code="b">DE-180</marc:subfield>
      <marc:subfield code="9">180</marc:subfield>
      <marc:subfield code="c">BSZ</marc:subfield>
      <marc:subfield code="d">d</marc:subfield>
      <marc:subfield code="g">400 MS 2600 A397</marc:subfield>
      <marc:subfield code="h">400</marc:subfield>
    </marc:datafield>
    <marc:datafield tag="924" ind1="0" ind2=" ">
      <marc:subfield code="a">3078745589</marc:subfield>
      <marc:subfield code="b">DE-180</marc:subfield>
      <marc:subfield code="9">180</marc:subfield>
      <marc:subfield code="c">BSZ</marc:subfield>
      <marc:subfield code="d">c</marc:subfield>
      <marc:subfield code="g"> AL 9275</marc:subfield>
      <marc:subfield code="h">MAG01</marc:subfield>
    </marc:datafield>
    <marc:datafield tag="924" ind1="0" ind2=" ">
      <marc:subfield code="a">3078745651</marc:subfield>
      <marc:subfield code="b">DE-15</marc:subfield>
      <marc:subfield code="9">15</marc:subfield>
      <marc:subfield code="c">BSZ</marc:subfield>
      <marc:subfield code="d">c</marc:subfield>
    </marc:datafield>
    <marc:datafield tag="924" ind1="0" ind2=" ">
      <marc:subfield code="a">3078745708</marc:subfield>
      <marc:subfield code="b">DE-16</marc:subfield>
      <marc:subfield code="9">16</marc:subfield>
      <marc:subfield code="c">BSZ</marc:subfield>
      <marc:subfield code="d">c</marc:subfield>
      <marc:subfield code="g">85 A 5312</marc:subfield>
    </marc:datafield>
    <marc:datafield tag="924" ind1="0" ind2=" ">
      <marc:subfield code="a">3078745821</marc:subfield>
      <marc:subfield code="b">DE-16-66</marc:subfield>
      <marc:subfield code="9">16/66</marc:subfield>
      <marc:subfield code="c">BSZ</marc:subfield>
      <marc:subfield code="d">b</marc:subfield>
      <marc:subfield code="g">Ddb 85.5</marc:subfield>
    </marc:datafield>
    <marc:datafield tag="924" ind1="0" ind2=" ">
      <marc:subfield code="a">3078745848</marc:subfield>
      <marc:subfield code="b">DE-16-160</marc:subfield>
      <marc:subfield code="9">16/160</marc:subfield>
      <marc:subfield code="c">BSZ</marc:subfield>
      <marc:subfield code="d">c</marc:subfield>
      <marc:subfield code="g">WS/MS 5200 A397</marc:subfield>
    </marc:datafield>
    <marc:datafield tag="924" ind1="0" ind2=" ">
      <marc:subfield code="a">3078745945</marc:subfield>
      <marc:subfield code="b">DE-90</marc:subfield>
      <marc:subfield code="9">90</marc:subfield>
      <marc:subfield code="c">BSZ</marc:subfield>
      <marc:subfield code="d">c</marc:subfield>
      <marc:subfield code="g">85 A 2059</marc:subfield>
    </marc:datafield>
    <marc:datafield tag="924" ind1="0" ind2=" ">
      <marc:subfield code="a">3078745996</marc:subfield>
      <marc:subfield code="b">DE-93</marc:subfield>
      <marc:subfield code="9">93</marc:subfield>
      <marc:subfield code="c">BSZ</marc:subfield>
      <marc:subfield code="d">c</marc:subfield>
      <marc:subfield code="g">3J 9262</marc:subfield>
    </marc:datafield>
    <marc:datafield tag="924" ind1="0" ind2=" ">
      <marc:subfield code="a">3078746046</marc:subfield>
      <marc:subfield code="b">DE-31</marc:subfield>
      <marc:subfield code="9">31</marc:subfield>
      <marc:subfield code="c">BSZ</marc:subfield>
      <marc:subfield code="d">c</marc:subfield>
      <marc:subfield code="g">85 A 8705</marc:subfield>
    </marc:datafield>
    <marc:datafield tag="924" ind1="0" ind2=" ">
      <marc:subfield code="a">3078746127</marc:subfield>
      <marc:subfield code="b">DE-Ch1</marc:subfield>
      <marc:subfield code="9">Ch 1</marc:subfield>
      <marc:subfield code="c">BSZ</marc:subfield>
      <marc:subfield code="d">c</marc:subfield>
      <marc:subfield code="g">MS 1420 alh</marc:subfield>
    </marc:datafield>
    <marc:datafield tag="924" ind1="0" ind2=" ">
      <marc:subfield code="a">4880209678</marc:subfield>
      <marc:subfield code="b">DE-77</marc:subfield>
      <marc:subfield code="9">77</marc:subfield>
      <marc:subfield code="c">BSZ</marc:subfield>
      <marc:subfield code="d">c</marc:subfield>
      <marc:subfield code="g">113.442</marc:subfield>
    </marc:datafield>
    <marc:datafield tag="924" ind1="0" ind2=" ">
      <marc:subfield code="a">4880209686</marc:subfield>
      <marc:subfield code="b">DE-77-002</marc:subfield>
      <marc:subfield code="9">77/002</marc:subfield>
      <marc:subfield code="c">BSZ</marc:subfield>
      <marc:subfield code="d">d</marc:subfield>
      <marc:subfield code="g">17 001</marc:subfield>
    </marc:datafield>
    <marc:datafield tag="924" ind1="0" ind2=" ">
      <marc:subfield code="a">4880209694</marc:subfield>
      <marc:subfield code="b">DE-77-002</marc:subfield>
      <marc:subfield code="9">77/002</marc:subfield>
      <marc:subfield code="c">BSZ</marc:subfield>
      <marc:subfield code="d">d</marc:subfield>
      <marc:subfield code="g">18.4 ALHE 1</marc:subfield>
    </marc:datafield>
    <marc:datafield tag="924" ind1="0" ind2=" ">
      <marc:subfield code="a">4880209708</marc:subfield>
      <marc:subfield code="b">DE-77-018</marc:subfield>
      <marc:subfield code="9">77/018</marc:subfield>
      <marc:subfield code="c">BSZ</marc:subfield>
      <marc:subfield code="d">d</marc:subfield>
      <marc:subfield code="g">VI/a 64</marc:subfield>
    </marc:datafield>
    <marc:datafield tag="924" ind1="0" ind2=" ">
      <marc:subfield code="a">3078746194</marc:subfield>
      <marc:subfield code="b">DE-Lg1</marc:subfield>
      <marc:subfield code="9">Lg 1</marc:subfield>
      <marc:subfield code="c">BSZ</marc:subfield>
      <marc:subfield code="d">c</marc:subfield>
      <marc:subfield code="g">Soz 2he Alh</marc:subfield>
    </marc:datafield>
    <marc:datafield tag="924" ind1="0" ind2=" ">
      <marc:subfield code="a">3078746259</marc:subfield>
      <marc:subfield code="b">DE-Sp3</marc:subfield>
      <marc:subfield code="9">Sp 3</marc:subfield>
      <marc:subfield code="c">BSZ</marc:subfield>
      <marc:subfield code="d">b</marc:subfield>
      <marc:subfield code="g">C V 5389</marc:subfield>
    </marc:datafield>
    <marc:datafield tag="924" ind1="0" ind2=" ">
      <marc:subfield code="a">3078746313</marc:subfield>
      <marc:subfield code="b">DE-Mar1</marc:subfield>
      <marc:subfield code="9">Mar 1</marc:subfield>
      <marc:subfield code="c">BSZ</marc:subfield>
      <marc:subfield code="d">b</marc:subfield>
      <marc:subfield code="g">R</marc:subfield>
    </marc:datafield>
    <marc:datafield tag="924" ind1="0" ind2=" ">
      <marc:subfield code="a">3078746399</marc:subfield>
      <marc:subfield code="b">DE-Mh34</marc:subfield>
      <marc:subfield code="9">Mh 34</marc:subfield>
      <marc:subfield code="c">BSZ</marc:subfield>
      <marc:subfield code="d">c</marc:subfield>
      <marc:subfield code="g">Q 187 / 948</marc:subfield>
    </marc:datafield>
    <marc:datafield tag="924" ind1="0" ind2=" ">
      <marc:subfield code="a">3972656114</marc:subfield>
      <marc:subfield code="b">DE-Bo410</marc:subfield>
      <marc:subfield code="9">Bo 410</marc:subfield>
      <marc:subfield code="c">BSZ</marc:subfield>
      <marc:subfield code="d">a</marc:subfield>
      <marc:subfield code="g">I Go 500 B</marc:subfield>
    </marc:datafield>
    <marc:datafield tag="935" ind1=" " ind2=" ">
      <marc:subfield code="i">Blocktest</marc:subfield>
    </marc:datafield>
    <marc:datafield tag="936" ind1="r" ind2="v">
      <marc:subfield code="a">QP 413</marc:subfield>
      <marc:subfield code="b">Arbeitswissenschaft</marc:subfield>
      <marc:subfield code="k">Wirtschaftswissenschaften</marc:subfield>
      <marc:subfield code="k">Allgemeine Betriebswirtschaftslehre</marc:subfield>
      <marc:subfield code="k">Aufbauelemente des Unternehmens</marc:subfield>
      <marc:subfield code="k">Arbeitseinsatz</marc:subfield>
      <marc:subfield code="k">Arbeitswissenschaft</marc:subfield>
      <marc:subfield code="0">(DE-627)1270930923</marc:subfield>
      <marc:subfield code="0">(DE-625)rvk/141880:</marc:subfield>
      <marc:subfield code="0">(DE-576)200930923</marc:subfield>
    </marc:datafield>
    <marc:datafield tag="936" ind1="r" ind2="v">
      <marc:subfield code="a">MS 5200</marc:subfield>
      <marc:subfield code="b">Beruf und Spezialisierung (allgemeines)</marc:subfield>
      <marc:subfield code="k">Soziologie</marc:subfield>
      <marc:subfield code="k">Spezielle Soziologien</marc:subfield>
      <marc:subfield code="k">Wirtschafts-, Industrie- und Techniksoziologie</marc:subfield>
      <marc:subfield code="k">Beruf und Spezialisierung (allgemeines)</marc:subfield>
      <marc:subfield code="0">(DE-627)1271304449</marc:subfield>
      <marc:subfield code="0">(DE-625)rvk/123722:</marc:subfield>
      <marc:subfield code="0">(DE-576)201304449</marc:subfield>
    </marc:datafield>
    <marc:datafield tag="936" ind1="r" ind2="v">
      <marc:subfield code="a">MS 2600</marc:subfield>
      <marc:subfield code="b">Erwachsenensoziologie, Biografie, Lebensverlauf, Lebensverlaufsforschung</marc:subfield>
      <marc:subfield code="k">Soziologie</marc:subfield>
      <marc:subfield code="k">Spezielle Soziologien</marc:subfield>
      <marc:subfield code="k">Erwachsenensoziologie, Biografie, Lebensverlauf, Lebensverlaufsforschung</marc:subfield>
      <marc:subfield code="0">(DE-627)1271441020</marc:subfield>
      <marc:subfield code="0">(DE-625)rvk/123641:</marc:subfield>
      <marc:subfield code="0">(DE-576)201441020</marc:subfield>
    </marc:datafield>
    <marc:datafield tag="936" ind1="r" ind2="v">
      <marc:subfield code="a">MS 5000</marc:subfield>
      <marc:subfield code="b">Arbeitsbeziehungen, Streik, Mitbestimmung</marc:subfield>
      <marc:subfield code="k">Soziologie</marc:subfield>
      <marc:subfield code="k">Spezielle Soziologien</marc:subfield>
      <marc:subfield code="k">Wirtschafts-, Industrie- und Techniksoziologie</marc:subfield>
      <marc:subfield code="k">Arbeitsbeziehungen, Streik, Mitbestimmung</marc:subfield>
      <marc:subfield code="0">(DE-627)1271441268</marc:subfield>
      <marc:subfield code="0">(DE-625)rvk/123721:</marc:subfield>
      <marc:subfield code="0">(DE-576)201441268</marc:subfield>
    </marc:datafield>
    <marc:datafield tag="936" ind1="r" ind2="v">
      <marc:subfield code="a">MS 1420</marc:subfield>
      <marc:subfield code="b">Unterschicht, Arbeiterklasse</marc:subfield>
      <marc:subfield code="k">Soziologie</marc:subfield>
      <marc:subfield code="k">Spezielle Soziologien</marc:subfield>
      <marc:subfield code="k">Soziale Ungleichheit; Schichten,Klassen und Milieu</marc:subfield>
      <marc:subfield code="k">Unterschicht, Arbeiterklasse</marc:subfield>
      <marc:subfield code="0">(DE-627)1271440822</marc:subfield>
      <marc:subfield code="0">(DE-625)rvk/123595:</marc:subfield>
      <marc:subfield code="0">(DE-576)201440822</marc:subfield>
    </marc:datafield>
    <marc:datafield tag="936" ind1="r" ind2="v">
      <marc:subfield code="a">QV 020</marc:subfield>
      <marc:subfield code="b">Soziologische Aspekte des Arbeitnehmers</marc:subfield>
      <marc:subfield code="k">Wirtschaftswissenschaften</marc:subfield>
      <marc:subfield code="k">Arbeitnehmerfragen (Labor Economics)</marc:subfield>
      <marc:subfield code="k">Soziologische Aspekte des Arbeitnehmers</marc:subfield>
      <marc:subfield code="0">(DE-627)1271509695</marc:subfield>
      <marc:subfield code="0">(DE-625)rvk/142135:</marc:subfield>
      <marc:subfield code="0">(DE-576)201509695</marc:subfield>
    </marc:datafield>
    <marc:datafield tag="936" ind1="r" ind2="v">
      <marc:subfield code="a">QV 000</marc:subfield>
      <marc:subfield code="b">Allgemeines</marc:subfield>
      <marc:subfield code="k">Wirtschaftswissenschaften</marc:subfield>
      <marc:subfield code="k">Arbeitnehmerfragen (Labor Economics)</marc:subfield>
      <marc:subfield code="k">Allgemeines</marc:subfield>
      <marc:subfield code="0">(DE-627)1271461102</marc:subfield>
      <marc:subfield code="0">(DE-625)rvk/142134:</marc:subfield>
      <marc:subfield code="0">(DE-576)201461102</marc:subfield>
    </marc:datafield>
    <marc:datafield tag="936" ind1="r" ind2="v">
      <marc:subfield code="a">MR 6600</marc:subfield>
      <marc:subfield code="b">Theorie der sozialen Interaktion, Kommunikation, Konformität</marc:subfield>
      <marc:subfield code="k">Soziologie</marc:subfield>
      <marc:subfield code="k">Sozialwissenschaftliche Theorien und Methoden</marc:subfield>
      <marc:subfield code="k">Psychologische Ansätze</marc:subfield>
      <marc:subfield code="k">Theorie der sozialen Interaktion, Kommunikation, Konformität</marc:subfield>
      <marc:subfield code="0">(DE-627)1271294419</marc:subfield>
      <marc:subfield code="0">(DE-625)rvk/123534:</marc:subfield>
      <marc:subfield code="0">(DE-576)201294419</marc:subfield>
    </marc:datafield>
    <marc:datafield tag="936" ind1="s" ind2="n">
      <marc:subfield code="a">m200</marc:subfield>
      <marc:subfield code="2">mzub</marc:subfield>
    </marc:datafield>
    <marc:datafield tag="936" ind1="s" ind2="n">
      <marc:subfield code="a">q100</marc:subfield>
      <marc:subfield code="2">mzub</marc:subfield>
    </marc:datafield>
    <marc:datafield tag="936" ind1="s" ind2="n">
      <marc:subfield code="a">g100</marc:subfield>
      <marc:subfield code="2">mzub</marc:subfield>
    </marc:datafield>
    <marc:datafield tag="951" ind1=" " ind2=" ">
      <marc:subfield code="a">BO</marc:subfield>
    </marc:datafield>
  </marc:record>
</marc:collection>
